|
|
|
|
| LEADER |
00580cam a2200133 7i4500 |
| 001 |
0000014253 |
| 005 |
20040729090000.0 |
| 090 |
0 |
0 |
|a S 338.7
|b SEM KYRG 338.7
|b SEM
|
| 245 |
0 |
0 |
|a Seminar Cum Luncheon Business Opportunitites in Kyrgyz Republic(Kuala Lumpur:National Chamber of Commerce and industry of Malaysia (NCCIM) and MATRADE, 18 November 2000.
|
| 260 |
0 |
0 |
|a Kuala Lumpur:
|b MATRADE,
|c 2000.
|
| 300 |
# |
# |
|a [n.p].
|
| 650 |
0 |
0 |
|a Business opportunities --
|x Seminar papers --
|z Kyrgyz Republic
|
| 651 |
0 |
0 |
|a Kyrgyz Republic
|
| 999 |
|
|
|a 0000012066
|b Book
|c Seminar Papers
|e Business Information Centre
|